000 00312 a2200121 4500
001 36530
082 _a891.439 HAS
090 _c23611
_d23611
100 _aHussain Razwi
245 _aIqbal kay faqree aayanain
_cHassan rizvi; hasan
260 _aLahore
_bNrianing Khail Publication
_a1990
300 _a332 p.
942 _aNUST-CAE
_k891.439 HAS
999 _c271603
_d271603